| 000 | 00581cam a2200205 4500500 | ||
|---|---|---|---|
| 005 | 20260405003603.0 | ||
| 041 | _afre | ||
| 042 | _adc | ||
| 100 | 1 | 0 |
_aDurand, Jean-Marie _eauthor |
| 245 | 0 | 0 | _aLa Force du mou |
| 260 | _c2022. | ||
| 500 | _a27 | ||
| 690 | _aFrançois Hollande | ||
| 690 | _aIdéal | ||
| 690 | _aMollesse | ||
| 690 | _aMollusque | ||
| 690 | _aVivant | ||
| 786 | 0 | _nPhilosophie magazine | 163 | 10 | 2022-10-01 | p. 55-56 | 1951-1787 | |
| 856 | 4 | 1 | _uhttps://shs.cairn.info/magazine-philosophie-magazine-2022-10-page-55?lang=fr&redirect-ssocas=7080 |
| 999 |
_c2069009 _d2069009 |
||